Diseño de un sistema de indicadores de gestión para el proceso de tecnologías de información de la UEN - CENCE - ICE
保存先:
| 第一著者: | |
|---|---|
| その他の著者: | , |
| フォーマット: | 図書 |
| 出版事項: |
San José, C.R.
1999
|
| 主題: | |
| タグ: |
タグ追加
タグなし, このレコードへの初めてのタグを付けませんか!
|
MARC
| LEADER | 00000nam a2200000Ia 4500 | ||
|---|---|---|---|
| 001 | 4134 | ||
| 003 | 010154 | ||
| 005 | 20221231144211.0 | ||
| 008 | 140114s1999 cr a m 000 ||s d | ||
| 040 | |c cru CEDI | ||
| 100 | |a Meza Conejo, Daniel |9 8314 | ||
| 245 | |a Diseño de un sistema de indicadores de gestión para el proceso de tecnologías de información de la UEN - CENCE - ICE | ||
| 260 | |c 1999 |a San José, C.R. | ||
| 300 | |a vii, 137, [83] hojas : ilustraciones | ||
| 500 | |a Proyecto de graduación (licenciatura en ingeniería industrial)--Universidad de Costa Rica. Facultad de Ingeniería. Escuela de Ingeniería Industrial | ||
| 650 | |x TECNOLOGIA DE LA INFORMACION |x TOMA DE DECISIONES |x PRODUCTIVIDAD INDUSTRIAL |x MEDICIONES |9 8317 | ||
| 700 | |9 8315 |a Mora Castro, Adriana | ||
| 700 | |9 8316 |a Salas Martínez, Manuel | ||
| 942 | |c TFG | ||
| 999 | |c 18337 |d 18337 | ||
